000 00808cam a2200241 a 4500
001 000015157
005 20200929163953.0
008 870306s1987 bl 000 0 por
020 _c9977904391
040 _aDO-SdBNP
_cDLC
_dDLC
043 _ancnq---
082 _a261.834
_bC334n
100 1 _aCasaldáliga, Pedro.
_934309
245 1 0 _aNicaragua, combate y profecía /
_cPedro Casaldáliga ; prólogo Mario Benedetti.
260 _aSan José :
_bDEI,
_c1987.
300 _a188 p. ;
_c21 cm.
650 4 _aIglesia católica y problemas sociales
_zNicaragua
_934310
650 4 _aIglesia católica y problemas sociales
_zNicaragua
_xHistoria
_ySIGLO XX
_934311
600 1 0 _aCASALDALIGA, PEDRO.
_934312
700 1 _aBenedetti, Mario
_epról.
_934313
910 _aCatalogación derivada
049 _aBNGR
999 _c14729
_d14729